000 00640nam a2200229Ia 4500
003 OSt
005 20221006164635.0
006 a|||||r|||| 00| 0
007 ta
008 221006b |||||||| |||| 00| 0 eng d
024 _a1,328
037 _cTextual
040 _aFML
_cFML
_beng
041 _2eng
_aeng
082 _aNR441OaY73(P31), N2 -; 3
100 _aKuppuswami T V Au.
_939652
245 0 _aCArnatic Music and The Tamils
260 _aDelhi
_bKalinga Publication
_c1992
300 _a334
_ccm.
942 _hNR441OaY73(P31), N2 -; 3
_cTEXL
_2CC
999 _c1117951
_d1117951